Countries in Satellite Images V Quiz Stats

 Plays Quiz not verified by Sporcle

Support Sporcle.
Go Orange.
Score 0/10 Timer 03:00
0 Plays Today
% Correct
Chile, Argentina and UK
94.4%
Guyana, Suriname, France and Brazil
86.9%
Australia, Indonesia and Timor-Leste
86.2%
Algeria, Tunisia, Libya and Italy
81%
USA and Canada
80.1%
Myanmar, Bangladesh and India
78.6%
Nigeria, Cameroon, Equatorial Guinea, Gabon and Sao Tome and Principe
78%
Fiji, Vanuatu and Solomon Islands
74.1%
Mexico and USA
67.4%
Ukraine, Romania and Bulgaria
63.4%

You're not logged in!

Compare scores with friends on all Sporcle quizzes.
OR
Log In

From the Vault

NFL Super Bowl MVPs by Picture

by Hejman

Also known as: A list of guys who took a free trip to Disneyland.
Remove Ads.
Support Sporcle.
Get the best of Sporcle when you Go Orange. This ad-free experience offers more features, more stats, and more fun while also helping to support Sporcle. Thank you for becoming a member.

Show Comments

Extras

Top Quizzes Today


Score Distribution

Your Account Isn't Verified!

In order to create a playlist on Sporcle, you need to verify the email address you used during registration. Go to your Sporcle Settings to finish the process.

Report this User

Report this user for behavior that violates our Community Guidelines.

Details: